Adventures Among Ants: A Global Safari With A Cast Of Trillions/ (Record no. 124937)
[ view plain ]
| 000 -LEADER | |
|---|---|
| fixed length control field | 00578cam a2200181 4500 |
| 008 - FIXED-LENGTH DATA ELEMENTS--GENERAL INFORMATION | |
| fixed length control field | 150928n 000 0 eng u |
| 020 ## - INTERNATIONAL STANDARD BOOK NUMBER | |
| International Standard Book Number | 9780520261990 |
| 035 ## - SYSTEM CONTROL NUMBER | |
| System control number | (Sirsi) a192740 |
| 050 ## - LIBRARY OF CONGRESS CALL NUMBER | |
| Classification number | QL 568.F7 MOF 2010 |
| 100 ## - MAIN ENTRY--PERSONAL NAME | |
| Personal name | Moffett, Mark W. |
| 245 ## - TITLE STATEMENT | |
| Title | Adventures Among Ants: A Global Safari With A Cast Of Trillions/ |
| Statement of responsibility, etc. | by Mark W. Moffett |
| 260 ## - PUBLICATION, DISTRIBUTION, ETC. | |
| Place of publication, distribution, etc. | California: |
| Name of publisher, distributor, etc. | California press, |
| Date of publication, distribution, etc. | 2010 |
| 300 ## - PHYSICAL DESCRIPTION | |
| Extent | 279p.: |
| Other physical details | ill. |
| 504 ## - BIBLIOGRAPHY, ETC. NOTE | |
| Bibliography, etc. note | Includes bibliographical references and index |
| 650 ## - SUBJECT ADDED ENTRY--TOPICAL TERM | |
| Topical term or geographic name entry element | Ants-behaviour |
| 650 ## - SUBJECT ADDED ENTRY--TOPICAL TERM | |
| Topical term or geographic name entry element | Ant communities |
| 650 ## - SUBJECT ADDED ENTRY--TOPICAL TERM | |
| Topical term or geographic name entry element | Ants-ecology |
| Withdrawn status | Lost status | Source of classification or shelving scheme | Damaged status | Not for loan | Home library | Current library | Shelving location | Total Checkouts | Full call number | Barcode | Date last seen | Copy number | Price effective from | Koha item type |
|---|---|---|---|---|---|---|---|---|---|---|---|---|---|---|
| Library of Congress Classification | Main Library | Main Library | On Shelf | QL 568.F7 MOF 2010 | 33729005282871 | 08/22/2019 | 1 | 08/22/2019 | Book |